000 00579nam a2200157Ia 4500
003 GCL
008 140319s9999 xx 000 0 ara d
040 _aGCL /
_cGCL
082 0 4 _aم
_b010.28
_bم ل
100 1 _aمكتبة بن يوسف العمومية
245 1 0 _aلائحة المخطوطات الحبسية المحفوظة بخزانه ابن يوسف - بمراكش /
_cمكتبة بن يوسف العمومية
650 0 4 _aالفهارس
650 0 4 _aالمكتبات - فهارس
650 0 4 _aالمخطوطات العربية - المغرب
942 _2ddc
_cREF
999 _c59709
_d59709